000 01241nas a2200385 4500
001 BR0800805
003 BR-BrBNA
005 20231205111622.0
007 ta
008 230509b bl.|||p| |||| 00| 00por d
040 _aBR-BrBNA
_bpor
_cBiblioteca Nacional de Agricultura
041 _a(Pt)
072 _aL70; L73; L74
100 1 _aBrandespin, D.F.
100 1 _aMagajevski, F.S.
100 1 _aGirio, R.J.S.
100 1 _aLopes, F.L.
100 1 _aNumberg Junior, R.
100 1 _aAlessi, A.C.
245 1 _aAvaliação das técnicas de Levaditi e imunoistoquímica na detecção de Leptospira interrogans sorovar pomona em órgãos reprodutores de hamsters machos infectados experimentalmente
650 _aANIMAL DE LABORATÓRIO
650 _aHAMSTER
650 _aLEPTOSPIRA
650 _aINFECÇÃO
650 _aINDUÇÃO
650 _aINOCULAÇÃO
650 _aDIAGNÓSTICO
650 _aANÁLISE MULTIVARIADA
650 _aHISTOQUÍMICA
650 _aHISTOPATOLOGIA
650 _aIDENTIFICAÇÃO
773 0 _tRevista Brasileira de Reprodução Animal (Brazil)
_xISSN 0102-0803
_g(Jul-Sep 2004), v. 28(3) p. 177-183
_wBR0800805
909 _a202311
_bLúcia
_c55
_dLúcia Elande
942 _2AGRIS
_n0
_cANA
999 _c193575
_d193575